000 00684ntaaa2200193 4500
003 01
005 20251027202402.0
008 0714s1973 ag 01
040 _aAR-BaBN
_bspa
_cAR-BaBN
_eaacr
_dRIC
082 _a282.0638 J87m
100 _aJuan Pablo II, Papa
_95352
245 _aMensajes Puebla '79
250 _a1 ed.
260 _aBuenos Aires :
_bUniversidad del Salvador,
_c1979
300 _a255 p ;
_cfotos
500 _aContiene discursos, homilías y mensajes pronunciados en América y en Roma relacionados con la reunión de Puebla 79. Incluye una cronología del viaje, visitas y entrevistas.
650 _aConferencia Episcopal Latinoamericana
_914599
942 _cBK
999 _c18737
_d18737